000 00331nam a2200133Ia 4500
008 240624s9999 xx 000 0 und d
041 _aeng
082 _a004.3 SIM
100 _aSIMON DAVID E
245 _aEMBEDDED SOFTWARE PRIMER
260 _c2004
_aNew Delhi
_bPearson Education
300 _axix, : 424 : cm. ; 24
365 _cRS
999 _c2139
_d2139